000 09272nam a22006137a 4500
005 2010021103303.0
020 _c165.00 185.00
_a9788125033875
035 _aB-379496 B-475587
037 _bUBH / VEN
037 _bआकार बुक्स (वितरक)
037 _bके.के.पब्लिकेशंस
082 _a954.16
245 _aदिल्लीःप्राचीन इतिहास /
_cउपिंदर सिंह द्वारा संपादित एवं हितेंद्र अनुपम द्वारा अनुदित
246 _aDelhi : prachin itihas
_bby Upinder Singh
260 _aनई दिल्ली
_bओरियंट ब्लैकस्वॉन
_c2010
270 _a1/24 आसफ अली रोड
_bनई दिल्ली
_e110002
_mdelhi@orientablackswan.com
300 _axxvi,270पृ
_c22सेमी (अजिल्द)
_bसचित्र
700 _aउपिंदर सिंह
_921014
700 _aहितेंद्र अनुपम
_921015
942 _2ddc
_cHN
_mदिल्लीप्रा
_h954.16
999 _c33912
_d33912